<?xml version="1.0" encoding="UTF-8"?>
<record
    xmlns:xsi="http://www.w3.org/2001/XMLSchema-instance"
    xsi:schemaLocation="http://www.loc.gov/MARC21/slim http://www.loc.gov/standards/marcxml/schema/MARC21slim.xsd"
    xmlns="http://www.loc.gov/MARC21/slim">

  <leader>00916nam a22001577a 4500</leader>
  <controlfield tag="003">OSt</controlfield>
  <controlfield tag="005">20160616103032.0</controlfield>
  <controlfield tag="008">160616b        xxu||||| |||| 00| 0 eng d</controlfield>
  <datafield tag="040" ind1=" " ind2=" ">
    <subfield code="c">RUA</subfield>
  </datafield>
  <datafield tag="082" ind1=" " ind2=" ">
    <subfield code="a">AGR LEN 2014 B475 Or.1</subfield>
  </datafield>
  <datafield tag="100" ind1=" " ind2=" ">
    <subfield code="9">8431</subfield>
    <subfield code="a">LENG HONGTRAY; &#x17A1;&#x17C1;&#x1784; &#x17A0;&#x17BB;&#x1784;&#x178F;&#x17D2;&#x179A;&#x17B6;&#x1799;</subfield>
  </datafield>
  <datafield tag="245" ind1=" " ind2=" ">
    <subfield code="a">Comparison of different organic mulching on allium fistulosum under dry season in kreang svay village, songkat prek kampeus, dangkor district, phnom penh, &#x1794;&#x17D2;&#x179A;&#x17C0;&#x1794;&#x1792;&#x17C0;&#x1794;&#x178F;&#x1798;&#x17D2;&#x179A;&#x1794;&#x1792;&#x1798;&#x17D2;&#x1798;&#x1787;&#x17B6;&#x178F;&#x17B7;&#x1795;&#x17D2;&#x179F;&#x17C1;&#x1784;&#x17D7;&#x1782;&#x17D2;&#x1793;&#x17B6;&#x1791;&#x17C5;&#x179B;&#x17BE;&#x178A;&#x17C6;&#x178E;&#x17B6;&#x17C6;&#x1781;&#x17D2;&#x1791;&#x17B9;&#x1798;&#x179F;&#x17D2;&#x179B;&#x17B9;&#x1780;&#x1793;&#x17C5;&#x179A;&#x178A;&#x17BC;&#x179C;&#x1794;&#x17D2;&#x179A;&#x17B6;&#x17C6;&#x1784; &#x1793;&#x17C5;&#x1797;&#x17BC;&#x1798;&#x17B7;&#x1780;&#x17D2;&#x179A;&#x17B6;&#x17C6;&#x1784;&#x179F;&#x17D2;&#x179C;&#x17B6;&#x1799; &#x179F;&#x1784;&#x17D2;&#x1780;&#x17B6;&#x178F;&#x17CB;&#x1796;&#x17D2;&#x179A;&#x17C2;&#x1780;&#x1780;&#x17C6;&#x1796;&#x17B9;&#x179F; &#x1781;&#x178E;&#x17D2;&#x178C;&#x178A;&#x1784;&#x17D2;&#x1780;&#x17C4; &#x179A;&#x17B6;&#x1787;&#x1792;&#x17B6;&#x1793;&#x17B8;&#x1797;&#x17D2;&#x1793;&#x17C6;&#x1796;&#x17C1;&#x1789;</subfield>
  </datafield>
  <datafield tag="260" ind1=" " ind2=" ">
    <subfield code="a">Phnom Penh</subfield>
    <subfield code="b">RUA</subfield>
    <subfield code="c">2014</subfield>
  </datafield>
  <datafield tag="300" ind1=" " ind2=" ">
    <subfield code="a">xii,38p.</subfield>
    <subfield code="b">ill.</subfield>
    <subfield code="c">29cm.</subfield>
  </datafield>
  <datafield tag="942" ind1=" " ind2=" ">
    <subfield code="2">ddc</subfield>
    <subfield code="c">AGR</subfield>
  </datafield>
  <datafield tag="999" ind1=" " ind2=" ">
    <subfield code="c">8077</subfield>
    <subfield code="d">8077</subfield>
  </datafield>
  <datafield tag="952" ind1=" " ind2=" ">
    <subfield code="0">0</subfield>
    <subfield code="1">0</subfield>
    <subfield code="2">ddc</subfield>
    <subfield code="4">0</subfield>
    <subfield code="6">AGR_LEN_2014_000000000000000_B475_OR_1</subfield>
    <subfield code="7">0</subfield>
    <subfield code="9">45954</subfield>
    <subfield code="a">LBB</subfield>
    <subfield code="b">LBB</subfield>
    <subfield code="c">B475</subfield>
    <subfield code="d">2016-06-16</subfield>
    <subfield code="o">AGR LEN 2014 B475 Or.1</subfield>
    <subfield code="p">RUA059662</subfield>
    <subfield code="r">2016-06-16</subfield>
    <subfield code="w">2016-06-16</subfield>
    <subfield code="y">AGR</subfield>
  </datafield>
  <datafield tag="952" ind1=" " ind2=" ">
    <subfield code="0">0</subfield>
    <subfield code="1">0</subfield>
    <subfield code="2">ddc</subfield>
    <subfield code="4">0</subfield>
    <subfield code="6">AGR_LEN_2014_000000000000000_B475_OR_2</subfield>
    <subfield code="7">0</subfield>
    <subfield code="9">45955</subfield>
    <subfield code="a">LBB</subfield>
    <subfield code="b">LBB</subfield>
    <subfield code="c">B475</subfield>
    <subfield code="d">2016-06-16</subfield>
    <subfield code="l">1</subfield>
    <subfield code="o">AGR LEN 2014 B475 Or.2</subfield>
    <subfield code="p">RUA058522</subfield>
    <subfield code="r">2016-10-22</subfield>
    <subfield code="s">2016-10-22</subfield>
    <subfield code="w">2016-06-16</subfield>
    <subfield code="y">AGR</subfield>
  </datafield>
  <datafield tag="952" ind1=" " ind2=" ">
    <subfield code="0">0</subfield>
    <subfield code="1">0</subfield>
    <subfield code="2">ddc</subfield>
    <subfield code="4">0</subfield>
    <subfield code="6">AGR_LEN_2014_000000000000000_B475_OR_3</subfield>
    <subfield code="7">0</subfield>
    <subfield code="9">45956</subfield>
    <subfield code="a">LBB</subfield>
    <subfield code="b">LBB</subfield>
    <subfield code="c">B475</subfield>
    <subfield code="d">2016-06-16</subfield>
    <subfield code="o">AGR LEN 2014 B475 Or.3</subfield>
    <subfield code="p">RUA058873</subfield>
    <subfield code="r">2016-06-16</subfield>
    <subfield code="w">2016-06-16</subfield>
    <subfield code="y">AGR</subfield>
  </datafield>
  <datafield tag="952" ind1=" " ind2=" ">
    <subfield code="0">0</subfield>
    <subfield code="1">0</subfield>
    <subfield code="2">ddc</subfield>
    <subfield code="4">0</subfield>
    <subfield code="6">AGR_LEN_2014_000000000000000_B475_OR_4</subfield>
    <subfield code="7">0</subfield>
    <subfield code="9">45957</subfield>
    <subfield code="a">LBB</subfield>
    <subfield code="b">LBB</subfield>
    <subfield code="c">B475</subfield>
    <subfield code="d">2016-06-16</subfield>
    <subfield code="o">AGR LEN 2014 B475 Or.4</subfield>
    <subfield code="p">RUA058769</subfield>
    <subfield code="r">2016-06-16</subfield>
    <subfield code="w">2016-06-16</subfield>
    <subfield code="y">AGR</subfield>
  </datafield>
  <datafield tag="952" ind1=" " ind2=" ">
    <subfield code="0">0</subfield>
    <subfield code="1">0</subfield>
    <subfield code="2">ddc</subfield>
    <subfield code="4">0</subfield>
    <subfield code="6">AGR_LEN_2014_000000000000000_B475_OR_5</subfield>
    <subfield code="7">0</subfield>
    <subfield code="9">45958</subfield>
    <subfield code="a">LBB</subfield>
    <subfield code="b">LBB</subfield>
    <subfield code="c">B475</subfield>
    <subfield code="d">2016-06-16</subfield>
    <subfield code="o">AGR LEN 2014 B475 Or.5</subfield>
    <subfield code="p">RUA058989</subfield>
    <subfield code="r">2016-06-16</subfield>
    <subfield code="w">2016-06-16</subfield>
    <subfield code="y">AGR</subfield>
  </datafield>
  <datafield tag="952" ind1=" " ind2=" ">
    <subfield code="0">0</subfield>
    <subfield code="1">0</subfield>
    <subfield code="2">ddc</subfield>
    <subfield code="4">0</subfield>
    <subfield code="6">AGR_LEN_2014_000000000000000_B475_OR_6</subfield>
    <subfield code="7">0</subfield>
    <subfield code="9">45959</subfield>
    <subfield code="a">LBB</subfield>
    <subfield code="b">LBB</subfield>
    <subfield code="c">B475</subfield>
    <subfield code="d">2016-06-16</subfield>
    <subfield code="l">4</subfield>
    <subfield code="o">AGR LEN 2014 B475 Or.6</subfield>
    <subfield code="p">RUA058626</subfield>
    <subfield code="q">2018-11-30</subfield>
    <subfield code="r">2018-11-13</subfield>
    <subfield code="s">2018-11-13</subfield>
    <subfield code="w">2016-06-16</subfield>
    <subfield code="y">AGR</subfield>
  </datafield>
  <datafield tag="952" ind1=" " ind2=" ">
    <subfield code="0">0</subfield>
    <subfield code="1">0</subfield>
    <subfield code="2">ddc</subfield>
    <subfield code="4">0</subfield>
    <subfield code="6">AGR_LEN_2014_000000000000000_B475_OR_7</subfield>
    <subfield code="7">0</subfield>
    <subfield code="9">45960</subfield>
    <subfield code="a">LBB</subfield>
    <subfield code="b">LBB</subfield>
    <subfield code="c">B475</subfield>
    <subfield code="d">2016-06-16</subfield>
    <subfield code="o">AGR LEN 2014 B475 Or.7</subfield>
    <subfield code="p">RUA058754</subfield>
    <subfield code="r">2016-06-16</subfield>
    <subfield code="w">2016-06-16</subfield>
    <subfield code="y">AGR</subfield>
  </datafield>
  <datafield tag="952" ind1=" " ind2=" ">
    <subfield code="0">0</subfield>
    <subfield code="1">0</subfield>
    <subfield code="2">ddc</subfield>
    <subfield code="4">0</subfield>
    <subfield code="6">AGR_LEN_2014_000000000000000_B475_OR_8</subfield>
    <subfield code="7">0</subfield>
    <subfield code="9">45961</subfield>
    <subfield code="a">LBB</subfield>
    <subfield code="b">LBB</subfield>
    <subfield code="c">B475</subfield>
    <subfield code="d">2016-06-16</subfield>
    <subfield code="o">AGR LEN 2014 B475 Or.8</subfield>
    <subfield code="p">RUA059009</subfield>
    <subfield code="r">2016-06-16</subfield>
    <subfield code="w">2016-06-16</subfield>
    <subfield code="y">AGR</subfield>
  </datafield>
  <datafield tag="952" ind1=" " ind2=" ">
    <subfield code="0">0</subfield>
    <subfield code="1">0</subfield>
    <subfield code="2">ddc</subfield>
    <subfield code="4">0</subfield>
    <subfield code="6">AGR_LEN_2014_000000000000000_B691_OR_1</subfield>
    <subfield code="7">0</subfield>
    <subfield code="9">87021</subfield>
    <subfield code="a">LBB</subfield>
    <subfield code="b">LBB</subfield>
    <subfield code="c">B691</subfield>
    <subfield code="d">2021-10-11</subfield>
    <subfield code="o">AGR LEN 2014 B691 Or.1</subfield>
    <subfield code="p">A066535</subfield>
    <subfield code="r">2021-10-11</subfield>
    <subfield code="w">2021-10-11</subfield>
    <subfield code="y">AGR</subfield>
  </datafield>
  <datafield tag="952" ind1=" " ind2=" ">
    <subfield code="0">0</subfield>
    <subfield code="1">0</subfield>
    <subfield code="2">ddc</subfield>
    <subfield code="4">0</subfield>
    <subfield code="6">AGR_LEN_2014_000000000000000_B691_OR_1</subfield>
    <subfield code="7">0</subfield>
    <subfield code="9">87022</subfield>
    <subfield code="a">LBB</subfield>
    <subfield code="b">LBB</subfield>
    <subfield code="c">B691</subfield>
    <subfield code="d">2021-10-11</subfield>
    <subfield code="l">1</subfield>
    <subfield code="o">AGR LEN 2014 B691 Or.1</subfield>
    <subfield code="p">A066595</subfield>
    <subfield code="r">2024-07-29</subfield>
    <subfield code="s">2024-07-17</subfield>
    <subfield code="w">2021-10-11</subfield>
    <subfield code="y">AGR</subfield>
  </datafield>
</record>
